عرض عادي
عرض مارك
- Yimer, Gebreyesus
دخول Personal Name
001 - CONTROL NUMBER
- control field: 13248
003 - CONTROL NUMBER IDENTIFIER
- control field: AE-AdECS
005 - DATE AND TIME OF LATEST TRANSACTION
- control field: 20250312104433.0
008 - FIXED-LENGTH DATA ELEMENTS
- fixed length control field: 250312|| aca||aabn | a|a d
040 ## - CATALOGING SOURCE
- Original cataloging agency: AE-AdECS
- Transcribing agency: AE-AdECS
100 ## - HEADING--PERSONAL NAME
- Personal name: Yimer, Gebreyesus
670 ## - SOURCE DATA FOUND
- Source citation: Work cat.: (AE-AdECS)289602: Yimer, Gebreyesus, author., The Nexus Between Legal Pluralism and Inclusive Finance :
